00577cam a22001811 450000500170000000800410001704100080005808000110006610000400007724500440011725000220016126000460018330000190022949000660024850000370031450400270035165000170037820131029061848.0770419s1961 cau b 000 0 eng 0 aeng a327.391 aWhitaker, Urban George,d1924-eed.10aNationalism and international progress. aRev. and enl. ed. aSan Francisco,bChandler Pub. Co.c[1961] a218 p.c21 cm.0 aChandler studies in international and intercultural relations aPreface to the Series : f. V-VII aIncludes bibliography. 0aNacionalizmi